[Event "Girls U12 Polish Youth Championship"]
[Site "chess24.com"]
[Date "2018.05.02"]
[Round "5"]
[White "Skolska, Emilia"]
[Black "Wieczorek, Julia"]
[Result "1-0"]
[Board "22"]
[WhiteElo "1211"]
[WhiteCountry "POL"]
[WhiteFideId "21883645"]
[WhiteEloChange "7"]
[BlackElo "1086"]
[BlackCountry "POL"]
[BlackFideId "21853363"]
[BlackEloChange "-7"]

1. e4 {[%clk 1:30:59]} c5 {[%clk 1:30:52]} 2. Nf3 {[%clk 1:31:25]} d6 {[%clk
1:31:07]} 3. d4 {[%clk 1:31:48]} cxd4 {[%clk 1:30:29]} 4. Nxd4 {[%clk 1:32:02]}
Nf6 {[%clk 1:30:38]} 5. Nc3 {[%clk 1:32:05]} a6 {[%clk 1:30:34]} 6. f3 {[%clk
1:31:41]} e5 {[%clk 1:29:46]} 7. Nb3 {[%clk 1:31:06]} Be7 {[%clk 1:26:21]} 8. Be3
{[%clk 1:29:49]} O-O {[%clk 1:22:37]} 9. Qd2 {[%clk 1:27:47]} Be6 {[%clk
1:19:23]} 10. O-O-O {[%clk 1:26:05]} Bxb3 {[%clk 1:17:48]} 11. axb3 {[%clk
1:26:15]} b5 {[%clk 1:12:39]} 12. h4 {[%clk 1:23:11]} Nh5 {[%clk 1:02:07]} 13. g4
{[%clk 1:17:33]} Ng3 {[%clk 1:00:54]} 14. Rg1 {[%clk 1:16:51]} Nxf1 {[%clk
1:00:20]} 15. Rdxf1 {[%clk 1:16:56]} Bxh4 {[%clk 0:59:25]} 16. Qh2 {[%clk
1:16:52]} Bg5 {[%clk 0:58:29]} 17. Bxg5 {[%clk 1:14:48]} Qxg5+ {[%clk 0:58:47]}
18. Kb1 {[%clk 1:14:42]} Nc6 {[%clk 0:56:29]} 19. f4 {[%clk 1:02:59]} exf4 {[%clk
0:54:14]} 20. Rxf4 {[%clk 1:02:43]} Qe5 {[%clk 0:48:51]} 21. g5 {[%clk 0:58:37]}
Nd4 {[%clk 0:46:36]} 22. Rh1 {[%clk 0:58:01]} f6 {[%clk 0:40:16]} 23. Qxh7+
{[%clk 0:50:08]} Kf7 {[%clk 0:40:25]} 24. Rxf6+ {[%clk 0:50:19]} Qxf6 {[%clk
0:30:03]} 25. gxf6 {[%clk 0:50:37]} Kxf6 {[%clk 0:30:16]} 26. Rf1+ {[%clk
0:50:45]} Ke6 {[%clk 0:30:17]} 27. Rxf8 {[%clk 0:50:37]} Rxf8 {[%clk 0:30:39]}
28. Qxg7 {[%clk 0:50:47]} Rf1+ {[%clk 0:30:16]} 29. Ka2 {[%clk 0:51:07]} Nxc2
{[%clk 0:30:19]} 30. Qg6+ {[%clk 0:50:14]} Kd7 {[%clk 0:28:55]} 31. b4 {[%clk
0:48:35]} Nxb4+ {[%clk 0:27:32]} 32. Kb3 {[%clk 0:46:20]} Nc6 {[%clk 0:21:05]}
33. Qg7+ {[%clk 0:45:50]} Ke6 {[%clk 0:19:44]} 34. Nd5 {[%clk 0:44:39]} Rf3+
{[%clk 0:18:38]} 35. Kc2 {[%clk 0:44:38]} Rf2+ {[%clk 0:15:25]} 36. Kd1 {[%clk
0:46:32]} a5 {[%clk 0:12:44]} 37. Nc7# {[%clk 0:46:50]} 1-0

[Event "Girls U12 Polish Youth Championship"]
[Site "chess24.com"]
[Date "2018.05.02"]
[Round "5"]
[White "Sivickis, Kornelia"]
[Black "Romejko, Jagoda"]
[Result "0-1"]
[Board "23"]
[WhiteElo "1026"]
[WhiteCountry "POL"]
[WhiteFideId "21836531"]
[WhiteEloChange "-8"]
[BlackElo "1083"]
[BlackCountry "POL"]
[BlackFideId "21836523"]
[BlackEloChange "8"]

1. e4 {[%clk 1:30:59]} d5 {[%clk 1:30:52]} 2. exd5 {[%clk 1:31:21]} Qxd5 {[%clk
1:31:14]} 3. Nc3 {[%clk 1:31:45]} Qd6 {[%clk 1:31:24]} 4. d4 {[%clk 1:32:05]} Nf6
{[%clk 1:31:19]} 5. Nf3 {[%clk 1:32:12]} c6 {[%clk 1:31:25]} 6. Be2 {[%clk
1:28:23]} Bf5 {[%clk 1:28:34]} 7. Be3 {[%clk 1:28:21]} e6 {[%clk 1:26:36]} 8. O-O
{[%clk 1:28:10]} Nbd7 {[%clk 1:24:46]} 9. Qd2 {[%clk 1:28:02]} Nb6 {[%clk
1:23:37]} 10. h3 {[%clk 1:27:47]} Be7 {[%clk 1:21:31]} 11. a3 {[%clk 1:25:01]}
O-O {[%clk 1:18:36]} 12. Rad1 {[%clk 1:17:09]} Rad8 {[%clk 1:14:21]} 13. Qc1
{[%clk 1:09:13]} Nbd5 {[%clk 0:59:50]} 14. Qd2 {[%clk 1:00:30]} Nxc3 {[%clk
0:52:25]} 15. Qxc3 {[%clk 0:59:34]} Nd5 {[%clk 0:52:10]} 16. Qd2 {[%clk 0:59:01]}
Nxe3 {[%clk 0:48:39]} 17. Qxe3 {[%clk 0:54:30]} Bxc2 {[%clk 0:47:56]} 18. Rc1
{[%clk 0:52:49]} Bf5 {[%clk 0:46:56]} 19. Rcd1 {[%clk 0:46:28]} Bf6 {[%clk
0:45:40]} 20. Ne5 {[%clk 0:42:45]} h6 {[%clk 0:43:52]} 21. Nf3 {[%clk 0:33:02]}
Rfe8 {[%clk 0:43:08]} 22. Qb3 {[%clk 0:16:55]} Qc7 {[%clk 0:36:26]} 23. Bd3
{[%clk 0:16:25]} Bxd3 {[%clk 0:33:48]} 24. Qxd3 {[%clk 0:16:39]} Qb6 {[%clk
0:33:23]} 25. b4 {[%clk 0:14:34]} e5 {[%clk 0:30:25]} 26. Qc4 {[%clk 0:12:50]}
exd4 {[%clk 0:30:17]} 27. Rd2 {[%clk 0:11:03]} Re7 {[%clk 0:26:23]} 28. Rfd1
{[%clk 0:11:10]} Red7 {[%clk 0:25:57]} 29. a4 {[%clk 0:11:13]} d3 {[%clk
0:24:13]} 30. a5 {[%clk 0:10:17]} Qb5 {[%clk 0:24:20]} 31. Qxb5 {[%clk 0:10:18]}
cxb5 {[%clk 0:24:49]} 32. Ne1 {[%clk 0:10:28]} Bc3 {[%clk 0:25:05]} 33. Rxd3
{[%clk 0:10:06]} Rxd3 {[%clk 0:25:15]} 34. Rxd3 {[%clk 0:10:14]} Rxd3 {[%clk
0:25:44]} 35. Nxd3 {[%clk 0:10:40]} Kf8 {[%clk 0:25:48]} 36. Kf1 {[%clk 0:11:02]}
Ke7 {[%clk 0:26:04]} 37. Ke2 {[%clk 0:11:07]} Kd6 {[%clk 0:26:02]} 38. Ke3 {[%clk
0:09:54]} Kd5 {[%clk 0:26:03]} 39. Nf4+ {[%clk 0:08:27]} Kc4 {[%clk 0:26:19]} 40.
Nd3 {[%clk 0:08:52]} Bxb4 {[%clk 0:26:35]} 41. Nb2+ {[%clk 0:08:09]} Kb3 {[%clk
0:26:37]} 42. Nd3 {[%clk 0:08:01]} Bxa5 {[%clk 0:26:32]} 43. Nc5+ {[%clk
0:07:02]} Kc3 {[%clk 0:26:44]} 44. Ne4+ {[%clk 0:07:05]} Kc2 {[%clk 0:26:53]} 45.
f3 {[%clk 0:06:28]} b4 {[%clk 0:27:11]} 46. Nf2 {[%clk 0:06:43]} b3 {[%clk
0:27:36]} 47. Nd3 {[%clk 0:06:51]} Bb6+ {[%clk 0:27:37]} 48. Ke2 {[%clk 0:07:08]}
a5 {[%clk 0:27:55]} 49. Ne1+ {[%clk 0:07:11]} Kc3 {[%clk 0:27:52]} 50. Nd3 {[%clk
0:07:20]} a4 {[%clk 0:28:16]} 51. g4 {[%clk 0:07:27]} a3 {[%clk 0:28:41]} 52. h4
{[%clk 0:07:39]} a2 {[%clk 0:29:09]} 53. g5 {[%clk 0:07:21]} a1Q {[%clk 0:29:23]}
0-1

[Event "Girls U12 Polish Youth Championship"]
[Site "chess24.com"]
[Date "2018.05.02"]
[Round "5"]
[White "Golinska, Patrycja"]
[Black "Brelinska, Matylda"]
[Result "0-1"]
[Board "24"]
[WhiteElo "1056"]
[WhiteCountry "POL"]
[WhiteFideId "21836744"]
[WhiteEloChange "-10"]
[BlackElo "1051"]
[BlackCountry "POL"]
[BlackFideId "21861072"]
[BlackEloChange "10"]

1. e4 {[%clk 1:30:58]} e5 {[%clk 1:30:57]} 2. Nf3 {[%clk 1:31:19]} Nc6 {[%clk
1:31:24]} 3. Bb5 {[%clk 1:31:40]} a6 {[%clk 1:31:50]} 4. Ba4 {[%clk 1:31:48]} Nf6
{[%clk 1:32:07]} 5. O-O {[%clk 1:31:38]} b5 {[%clk 1:32:20]} 6. Bb3 {[%clk
1:31:46]} Be7 {[%clk 1:28:53]} 7. c3 {[%clk 1:29:47]} d6 {[%clk 1:28:33]} 8. Re1
{[%clk 1:28:00]} O-O {[%clk 1:28:16]} 9. h3 {[%clk 1:27:32]} Na5 {[%clk 1:28:12]}
10. Bc2 {[%clk 1:26:18]} c5 {[%clk 1:28:29]} 11. d4 {[%clk 1:23:19]} Bb7 {[%clk
1:16:36]} 12. Qe2 {[%clk 1:22:50]} Re8 {[%clk 1:14:11]} 13. Nbd2 {[%clk 1:21:06]}
Qc7 {[%clk 1:13:32]} 14. Nh4 {[%clk 1:20:43]} Nxe4 {[%clk 1:10:19]} 15. Nf5
{[%clk 1:19:40]} Nxd2 {[%clk 1:08:59]} 16. Bxd2 {[%clk 1:19:09]} Bf6 {[%clk
1:03:54]} 17. Qg4 {[%clk 1:15:34]} Bc8 {[%clk 1:03:38]} 18. Nh6+ {[%clk 1:13:26]}
Kh8 {[%clk 1:03:26]} 19. Qe4 {[%clk 1:13:25]} g6 {[%clk 0:56:03]} 20. Qf3 {[%clk
1:07:28]} Qe7 {[%clk 0:53:17]} 21. Qxa8 {[%clk 1:01:53]} Bb7 {[%clk 0:51:07]} 22.
Qxe8+ {[%clk 0:57:33]} Qxe8 {[%clk 0:51:03]} 23. dxe5 {[%clk 0:55:57]} dxe5
{[%clk 0:50:42]} 24. Re3 {[%clk 0:55:09]} Nc4 {[%clk 0:50:11]} 25. Re2 {[%clk
0:47:09]} Nxd2 {[%clk 0:48:38]} 26. Ng4 {[%clk 0:45:52]} Qc6 {[%clk 0:47:30]} 27.
f3 {[%clk 0:38:56]} Nxf3+ {[%clk 0:46:29]} 28. Kh1 {[%clk 0:36:48]} Kg7 {[%clk
0:45:24]} 29. Be4 {[%clk 0:36:35]} Qc7 {[%clk 0:45:35]} 30. Bxf3 {[%clk 0:36:21]}
Bxf3 {[%clk 0:45:48]} 31. gxf3 {[%clk 0:36:18]} Qc6 {[%clk 0:45:47]} 32. Rf1
{[%clk 0:36:05]} Qd6 {[%clk 0:44:37]} 33. Nxf6 {[%clk 0:34:39]} Qxf6 {[%clk
0:44:57]} 34. Kg2 {[%clk 0:34:37]} Qg5+ {[%clk 0:44:45]} 35. Kh2 {[%clk 0:34:09]}
a5 {[%clk 0:44:20]} 36. Rfe1 {[%clk 0:34:17]} f6 {[%clk 0:44:20]} 37. Rg1 {[%clk
0:32:06]} Qf4+ {[%clk 0:44:05]} 38. Kg2 {[%clk 0:31:29]} b4 {[%clk 0:44:06]} 39.
cxb4 {[%clk 0:31:07]} axb4 {[%clk 0:44:08]} 40. Rc2 {[%clk 0:29:33]} Qe3 {[%clk
0:43:34]} 41. Rgc1 {[%clk 0:27:27]} e4 {[%clk 0:42:33]} 42. fxe4 {[%clk 0:26:48]}
Qxe4+ {[%clk 0:42:54]} 43. Kh2 {[%clk 0:26:54]} f5 {[%clk 0:42:31]} 44. Rf2
{[%clk 0:24:07]} c4 {[%clk 0:42:08]} 45. Rfc2 {[%clk 0:21:36]} b3 {[%clk
0:41:23]} 46. axb3 {[%clk 0:21:01]} cxb3 {[%clk 0:41:45]} 47. Rf2 {[%clk
0:20:55]} Qe3 {[%clk 0:41:28]} 48. Rcf1 {[%clk 0:20:47]} Kh6 {[%clk 0:40:42]} 49.
Rf3 {[%clk 0:19:49]} Qe5+ {[%clk 0:40:47]} 50. Kg1 {[%clk 0:19:47]} Qxb2 {[%clk
0:40:51]} 51. R1f2 {[%clk 0:19:33]} Qa3 {[%clk 0:40:33]} 52. Kg2 {[%clk 0:19:21]}
Qb4 {[%clk 0:40:16]} 53. Rb2 {[%clk 0:19:10]} Qe4 {[%clk 0:39:47]} 54. Rxb3
{[%clk 0:18:32]} Kh5 {[%clk 0:39:28]} 55. Kg3 {[%clk 0:17:29]} g5 {[%clk
0:38:54]} 56. Kg2 {[%clk 0:15:15]} g4 {[%clk 0:38:16]} 57. hxg4+ {[%clk 0:14:18]}
fxg4 {[%clk 0:38:19]} 58. Rb5+ {[%clk 0:14:29]} Kh4 {[%clk 0:38:19]} 59. Rb3
{[%clk 0:14:51]} gxf3+ {[%clk 0:38:17]} 60. Kg1 {[%clk 0:14:22]} Qe1+ {[%clk
0:37:59]} 61. Kh2 {[%clk 0:14:12]} Qg3+ {[%clk 0:38:12]} 62. Kh1 {[%clk 0:14:07]}
Qg2# {[%clk 0:38:36]} 0-1

[Event "Girls U12 Polish Youth Championship"]
[Site "chess24.com"]
[Date "2018.05.02"]
[Round "5"]
[White "Sobieraj, Wiktoria"]
[Black "Karys, Katarzyna"]
[Result "1/2-1/2"]
[Board "25"]
[WhiteElo "1130"]
[WhiteCountry "POL"]
[WhiteFideId "21839107"]
[WhiteEloChange "-1"]
[BlackElo "1084"]
[BlackCountry "POL"]
[BlackFideId "21834253"]
[BlackEloChange "1"]

1. e4 {[%clk 1:30:58]} e5 {[%clk 1:30:49]} 2. Nf3 {[%clk 1:31:23]} Nc6 {[%clk
1:31:07]} 3. d4 {[%clk 1:31:47]} exd4 {[%clk 1:31:26]} 4. Nxd4 {[%clk 1:32:08]}
Bc5 {[%clk 1:31:37]} 5. Be3 {[%clk 1:32:28]} Qf6 {[%clk 1:31:50]} 6. c3 {[%clk
1:32:51]} Nge7 {[%clk 1:31:59]} 7. g3 {[%clk 1:32:49]} O-O {[%clk 1:32:06]} 8.
Bg2 {[%clk 1:33:10]} Bb6 {[%clk 1:31:18]} 9. O-O {[%clk 1:32:38]} d6 {[%clk
1:31:00]} 10. Nc2 {[%clk 1:30:55]} Qg6 {[%clk 1:27:32]} 11. Bxb6 {[%clk 1:26:59]}
axb6 {[%clk 1:27:20]} 12. f4 {[%clk 1:25:46]} f5 {[%clk 1:23:48]} 13. Nd2 {[%clk
1:19:09]} Be6 {[%clk 1:17:58]} 14. Ne3 {[%clk 1:08:38]} Rf6 {[%clk 1:12:20]} 15.
exf5 {[%clk 1:05:38]} Nxf5 {[%clk 1:07:23]} 16. Nxf5 {[%clk 1:02:15]} Bxf5 {[%clk
1:01:52]} 17. Qf3 {[%clk 0:58:25]} Rd8 {[%clk 0:53:14]} 18. Rae1 {[%clk 0:54:08]}
d5 {[%clk 0:39:54]} 19. Nb3 {[%clk 0:40:15]} Be4 {[%clk 0:37:10]} 20. Qe3 {[%clk
0:36:20]} Bxg2 {[%clk 0:34:25]} 21. Kxg2 {[%clk 0:36:38]} Qc2+ {[%clk 0:25:11]}
22. Qe2 {[%clk 0:34:47]} Qxe2+ {[%clk 0:22:33]} 23. Rxe2 {[%clk 0:35:01]} d4
{[%clk 0:20:15]} 24. cxd4 {[%clk 0:33:53]} Nxd4 {[%clk 0:20:30]} 25. Nxd4 {[%clk
0:29:12]} Rxd4 {[%clk 0:20:14]} 26. Re8+ {[%clk 0:29:21]} Rf8 {[%clk 0:20:35]}
27. Rxf8+ {[%clk 0:28:59]} Kxf8 {[%clk 0:20:57]} 28. Kf3 {[%clk 0:28:02]} Rd2
{[%clk 0:21:05]} 29. Rf2 {[%clk 0:28:13]} Rxf2+ {[%clk 0:21:29]} 30. Kxf2 {[%clk
0:28:37]} Kf7 {[%clk 0:21:36]} 31. Ke3 {[%clk 0:26:56]} Kf6 {[%clk 0:20:51]} 32.
Ke4 {[%clk 0:26:12]} Ke6 {[%clk 0:21:00]} 33. g4 {[%clk 0:23:41]} g6 {[%clk
0:20:30]} 34. b3 {[%clk 0:21:38]} c6 {[%clk 0:19:16]} 1/2-1/2

[Event "Girls U12 Polish Youth Championship"]
[Site "chess24.com"]
[Date "2018.05.02"]
[Round "5"]
[White "Kandula, Jasmina"]
[Black "Ziegert, Krystyna"]
[Result "1-0"]
[Board "26"]
[WhiteElo "1143"]
[WhiteCountry "POL"]
[WhiteFideId "21844330"]
[WhiteEloChange "6"]
[BlackElo "1001"]
[BlackCountry "POL"]
[BlackFideId "21861080"]
[BlackEloChange "-6"]

1. e4 {[%clk 1:30:58]} e6 {[%clk 1:30:54]} 2. d4 {[%clk 1:31:22]} d5 {[%clk
1:30:51]} 3. Nd2 {[%clk 1:31:29]} Nf6 {[%clk 1:31:13]} 4. e5 {[%clk 1:31:05]}
Nfd7 {[%clk 1:31:34]} 5. Ndf3 {[%clk 1:29:19]} c5 {[%clk 1:30:16]} 6. c3 {[%clk
1:28:38]} Nc6 {[%clk 1:29:59]} 7. Bd3 {[%clk 1:26:07]} cxd4 {[%clk 1:29:33]} 8.
cxd4 {[%clk 1:26:31]} Qb6 {[%clk 1:28:18]} 9. Ne2 {[%clk 1:24:30]} Qb4+ {[%clk
1:25:28]} 10. Qd2 {[%clk 1:23:16]} Qb6 {[%clk 1:25:39]} 11. O-O {[%clk 1:22:11]}
Bb4 {[%clk 1:24:31]} 12. Qg5 {[%clk 1:21:43]} O-O {[%clk 1:21:52]} 13. Qh4 {[%clk
1:20:51]} h6 {[%clk 1:21:34]} 14. Bxh6 {[%clk 1:20:04]} g6 {[%clk 1:17:51]} 15.
Bxf8 {[%clk 1:14:30]} Nxf8 {[%clk 1:17:19]} 16. Qg3 {[%clk 1:03:49]} Ne7 {[%clk
1:07:21]} 17. a3 {[%clk 1:00:32]} Bd7 {[%clk 1:01:24]} 18. axb4 {[%clk 0:52:27]}
Qxb4 {[%clk 1:01:11]} 19. Rfb1 {[%clk 0:51:16]} Qb3 {[%clk 0:46:39]} 20. Ng5
{[%clk 0:43:12]} a6 {[%clk 0:28:16]} 21. Qf3 {[%clk 0:41:55]} Be8 {[%clk
0:27:42]} 22. Ra3 {[%clk 0:40:40]} Qb6 {[%clk 0:25:27]} 23. Rc3 {[%clk 0:36:58]}
Qd8 {[%clk 0:24:24]} 24. Bc2 {[%clk 0:35:30]} Nc6 {[%clk 0:23:48]} 25. Qf4 {[%clk
0:29:27]} Qe7 {[%clk 0:23:45]} 26. Rh3 {[%clk 0:28:03]} Qc7 {[%clk 0:20:17]} 27.
Qh4 {[%clk 0:27:44]} Nh7 {[%clk 0:20:13]} 28. Nxh7 {[%clk 0:24:32]} Qa5 {[%clk
0:18:47]} 29. Qh6 {[%clk 0:23:43]} Qd2 {[%clk 0:18:23]} 30. Qf8# {[%clk 0:24:02]}
1-0

[Event "Girls U12 Polish Youth Championship"]
[Site "chess24.com"]
[Date "2018.05.03"]
[Round "6"]
[White "Mroz, Lena"]
[Black "Starosta, Martyna"]
[Result "0-1"]
[Board "1"]
[WhiteElo "1501"]
[WhiteCountry "POL"]
[WhiteFideId "21830916"]
[WhiteEloChange "-7"]
[BlackElo "1607"]
[BlackTitle "WCM"]
[BlackCountry "POL"]
[BlackFideId "21818754"]
[BlackEloChange "7"]

1. e4 {[%clk 1:30:56]} e6 {[%clk 1:30:53]} 2. d4 {[%clk 1:31:02]} d5 {[%clk
1:31:13]} 3. Nc3 {[%clk 1:31:05]} dxe4 {[%clk 1:31:31]} 4. Nxe4 {[%clk 1:29:47]}
Nf6 {[%clk 1:31:50]} 5. Nxf6+ {[%clk 1:25:10]} gxf6 {[%clk 1:31:11]} 6. Nf3
{[%clk 1:23:08]} Nc6 {[%clk 1:30:26]} 7. g3 {[%clk 1:19:44]} e5 {[%clk 1:27:22]}
8. Be3 {[%clk 1:06:26]} Bg4 {[%clk 1:18:55]} 9. Be2 {[%clk 0:59:20]} e4 {[%clk
1:11:13]} 10. Nd2 {[%clk 0:55:04]} Bxe2 {[%clk 1:08:49]} 11. Qxe2 {[%clk
0:54:46]} f5 {[%clk 0:58:54]} 12. O-O-O {[%clk 0:49:30]} Bg7 {[%clk 0:57:16]} 13.
f3 {[%clk 0:44:54]} O-O {[%clk 0:52:56]} 14. fxe4 {[%clk 0:43:26]} Nxd4 {[%clk
0:52:25]} 15. Qh5 {[%clk 0:33:33]} Qf6 {[%clk 0:41:34]} 16. Nc4 {[%clk 0:30:09]}
c5 {[%clk 0:40:05]} 17. Bxd4 {[%clk 0:19:04]} cxd4 {[%clk 0:40:16]} 18. Qxf5
{[%clk 0:19:18]} Qa6 {[%clk 0:38:09]} 19. Na3 {[%clk 0:10:55]} Rac8 {[%clk
0:37:10]} 20. Kb1 {[%clk 0:09:34]} Qc6 {[%clk 0:36:26]} 21. h4 {[%clk 0:08:37]}
a6 {[%clk 0:33:59]} 22. Qd5 {[%clk 0:05:56]} Qxd5 {[%clk 0:33:22]} 23. exd5
{[%clk 0:06:20]} b5 {[%clk 0:33:38]} 24. c3 {[%clk 0:03:14]} dxc3 {[%clk
0:33:32]} 25. bxc3 {[%clk 0:03:31]} Rxc3 {[%clk 0:33:34]} 26. Nc2 {[%clk
0:03:46]} Rxg3 {[%clk 0:33:00]} 27. d6 {[%clk 0:04:06]} Rc3 {[%clk 0:30:51]} 28.
d7 {[%clk 0:03:11]} Bf6 {[%clk 0:30:13]} 29. Rhg1+ {[%clk 0:03:01]} Kh8 {[%clk
0:30:20]} 30. Rge1 {[%clk 0:03:16]} Rg3 {[%clk 0:24:48]} 31. Re8 {[%clk 0:03:10]}
Rgg8 {[%clk 0:25:05]} 32. Rde1 {[%clk 0:02:09]} Bxh4 {[%clk 0:24:24]} 33. Rxf8
{[%clk 0:01:33]} Rxf8 {[%clk 0:24:44]} 34. Re8 {[%clk 0:01:51]} Kg8 {[%clk
0:21:55]} 35. Nd4 {[%clk 0:01:56]} Bg5 {[%clk 0:21:42]} 36. Nf5 {[%clk 0:01:32]}
Bd8 {[%clk 0:17:30]} 37. Ne7+ {[%clk 0:01:10]} Kg7 {[%clk 0:15:38]} 38. Nc6
{[%clk 0:00:45]} Bc7 {[%clk 0:15:25]} 39. Rc8 {[%clk 0:00:50]} Bb6 {[%clk
0:14:59]} 40. d8Q {[%clk 0:00:40]} Bxd8 {[%clk 0:15:15]} 41. Nxd8 {[%clk
0:00:47]} h5 {[%clk 0:15:23]} 42. Ra8 {[%clk 0:00:39]} h4 {[%clk 0:15:33]} 43.
Rxa6 {[%clk 0:00:40]} Rxd8 {[%clk 0:15:36]} 44. Ra3 {[%clk 0:01:04]} Kg6 {[%clk
0:15:22]} 45. Rb3 {[%clk 0:01:27]} Rd5 {[%clk 0:15:39]} 46. Rc3 {[%clk 0:01:40]}
Kg5 {[%clk 0:15:35]} 47. Kc1 {[%clk 0:01:27]} Kg4 {[%clk 0:15:54]} 48. a4 {[%clk
0:01:31]} bxa4 {[%clk 0:15:52]} 49. Rc4+ {[%clk 0:01:56]} Kg5 {[%clk 0:16:11]}
50. Rxa4 {[%clk 0:02:17]} h3 {[%clk 0:16:25]} 51. Ra8 {[%clk 0:02:16]} Kg4 {[%clk
0:16:38]} 52. Ra4+ {[%clk 0:02:40]} Kg5 {[%clk 0:15:44]} 53. Ra3 {[%clk 0:03:00]}
Kg4 {[%clk 0:15:46]} 54. Ra4+ {[%clk 0:03:25]} Kg3 {[%clk 0:16:08]} 55. Ra3+
{[%clk 0:03:47]} Kg2 {[%clk 0:16:26]} 56. Ra2+ {[%clk 0:03:23]} Kg1 {[%clk
0:16:33]} 57. Kc2 {[%clk 0:03:40]} h2 {[%clk 0:16:56]} 58. Ra1+ {[%clk 0:03:48]}
Kg2 {[%clk 0:17:20]} 0-1

[Event "Girls U12 Polish Youth Championship"]
[Site "chess24.com"]
[Date "2018.05.03"]
[Round "6"]
[White "Bialek, Alicja"]
[Black "Oborska, Magda"]
[Result "0-1"]
[Board "2"]
[WhiteElo "1315"]
[WhiteCountry "POL"]
[WhiteFideId "21836345"]
[WhiteEloChange "-9"]
[BlackElo "1336"]
[BlackCountry "POL"]
[BlackFideId "21852545"]
[BlackEloChange "9"]

1. e4 {[%clk 1:30:57]} Nc6 {[%clk 1:30:44]} 2. d4 {[%clk 1:28:40]} e5 {[%clk
1:30:49]} 3. d5 {[%clk 1:27:35]} Nce7 {[%clk 1:31:05]} 4. f4 {[%clk 1:16:09]}
exf4 {[%clk 1:30:01]} 5. Bxf4 {[%clk 1:16:29]} Ng6 {[%clk 1:30:15]} 6. Bg3 {[%clk
1:16:42]} Bc5 {[%clk 1:30:02]} 7. Nf3 {[%clk 1:15:54]} d6 {[%clk 1:28:21]} 8.
Nbd2 {[%clk 1:10:47]} Bg4 {[%clk 1:25:21]} 9. Bb5+ {[%clk 1:07:19]} Bd7 {[%clk
1:24:18]} 10. Bxd7+ {[%clk 1:01:20]} Qxd7 {[%clk 1:23:34]} 11. Nb3 {[%clk
1:01:17]} Bb6 {[%clk 1:22:53]} 12. Qe2 {[%clk 0:50:58]} Nf6 {[%clk 1:21:20]} 13.
Nfd4 {[%clk 0:37:26]} O-O {[%clk 1:18:48]} 14. O-O-O {[%clk 0:34:36]} Rfe8 {[%clk
1:18:14]} 15. h4 {[%clk 0:30:22]} Rxe4 {[%clk 1:16:41]} 16. Qf3 {[%clk 0:29:38]}
Qg4 {[%clk 1:09:21]} 17. h5 {[%clk 0:25:20]} Qg5+ {[%clk 1:02:45]} 18. Kb1 {[%clk
0:25:19]} Re3 {[%clk 1:01:09]} 19. Qf5 {[%clk 0:11:28]} Rxg3 {[%clk 0:58:00]} 20.
hxg6 {[%clk 0:10:50]} Qxg6 {[%clk 0:57:47]} 21. Qxg6 {[%clk 0:10:09]} Rxg6 {[%clk
0:57:40]} 22. Rd2 {[%clk 0:09:48]} Ne4 {[%clk 0:57:22]} 23. Re2 {[%clk 0:05:05]}
Ng3 {[%clk 0:56:50]} 24. Rhe1 {[%clk 0:05:08]} Nxe2 {[%clk 0:57:03]} 25. Rxe2
{[%clk 0:05:33]} h6 {[%clk 0:56:11]} 26. a3 {[%clk 0:05:17]} Rf6 {[%clk 0:55:37]}
27. c4 {[%clk 0:02:53]} a5 {[%clk 0:55:30]} 28. a4 {[%clk 0:02:43]} Rf4 {[%clk
0:55:29]} 29. Rd2 {[%clk 0:02:39]} Re8 {[%clk 0:55:25]} 30. Kc2 {[%clk 0:02:09]}
Ree4 {[%clk 0:54:55]} 31. Kc3 {[%clk 0:01:58]} Bc5 {[%clk 0:54:12]} 32. Rd3
{[%clk 0:01:34]} Bb4+ {[%clk 0:53:34]} 33. Kc2 {[%clk 0:01:26]} Rf2+ {[%clk
0:53:46]} 34. Kb1 {[%clk 0:01:37]} Rxg2 {[%clk 0:53:07]} 35. Ka2 {[%clk 0:00:34]}
Bc5 {[%clk 0:52:43]} 0-1

[Event "Girls U12 Polish Youth Championship"]
[Site "chess24.com"]
[Date "2018.05.03"]
[Round "6"]
[White "Pawicka, Magdalena"]
[Black "Tokarz, Izabela"]
[Result "1-0"]
[Board "3"]
[WhiteElo "1789"]
[WhiteCountry "POL"]
[WhiteFideId "21836507"]
[WhiteEloChange "2"]
[BlackElo "1337"]
[BlackCountry "POL"]
[BlackFideId "21849170"]
[BlackEloChange "-2"]

1. e4 {[%clk 1:30:57]} c6 {[%clk 1:30:41]} 2. d4 {[%clk 1:31:18]} d5 {[%clk
1:30:40]} 3. Nc3 {[%clk 1:31:26]} dxe4 {[%clk 1:30:32]} 4. Nxe4 {[%clk 1:31:49]}
Bf5 {[%clk 1:29:56]} 5. Ng3 {[%clk 1:32:02]} Bg6 {[%clk 1:29:51]} 6. Bc4 {[%clk
1:31:52]} e6 {[%clk 1:24:47]} 7. N1e2 {[%clk 1:31:15]} Bd6 {[%clk 1:18:21]} 8. h4
{[%clk 1:30:34]} h6 {[%clk 1:18:42]} 9. Nf4 {[%clk 1:28:53]} Bxf4 {[%clk
1:16:13]} 10. Bxf4 {[%clk 1:28:51]} Nf6 {[%clk 1:14:07]} 11. Qd2 {[%clk 1:20:46]}
Nbd7 {[%clk 1:13:59]} 12. O-O-O {[%clk 1:16:06]} Nb6 {[%clk 1:13:19]} 13. Bb3
{[%clk 1:10:55]} Nbd5 {[%clk 1:06:57]} 14. Be5 {[%clk 1:08:02]} Qd7 {[%clk
1:03:10]} 15. c4 {[%clk 1:01:26]} Ne7 {[%clk 0:58:18]} 16. Bc2 {[%clk 0:57:16]}
Bxc2 {[%clk 0:58:13]} 17. Qxc2 {[%clk 0:57:31]} Ng6 {[%clk 0:57:56]} 18. h5
{[%clk 0:53:15]} Ne7 {[%clk 0:50:32]} 19. Bxf6 {[%clk 0:50:35]} gxf6 {[%clk
0:50:45]} 20. Ne4 {[%clk 0:50:38]} Ng8 {[%clk 0:45:38]} 21. Qc3 {[%clk 0:49:46]}
O-O-O {[%clk 0:40:45]} 22. Kb1 {[%clk 0:41:47]} Kb8 {[%clk 0:40:56]} 23. Qg3+
{[%clk 0:41:27]} Qc7 {[%clk 0:39:29]} 24. Qg7 {[%clk 0:40:15]} Ne7 {[%clk
0:39:41]} 25. Qxf6 {[%clk 0:37:04]} Nf5 {[%clk 0:39:23]} 26. g4 {[%clk 0:36:29]}
Qf4 {[%clk 0:38:28]} 27. Qe5+ {[%clk 0:35:30]} Qxe5 {[%clk 0:38:49]} 28. dxe5
{[%clk 0:35:54]} Nd4 {[%clk 0:38:59]} 29. Nd6 {[%clk 0:35:51]} Nf3 {[%clk
0:38:33]} 30. Nxf7 {[%clk 0:33:02]} Rxd1+ {[%clk 0:38:48]} 31. Rxd1 {[%clk
0:33:26]} Rh7 {[%clk 0:38:44]} 32. Nd6 {[%clk 0:25:08]} Nxe5 {[%clk 0:38:48]} 33.
Rd4 {[%clk 0:24:36]} Rg7 {[%clk 0:36:53]} 34. Ne8 {[%clk 0:24:42]} Rd7 {[%clk
0:36:47]} 35. Rxd7 {[%clk 0:24:37]} Nxd7 {[%clk 0:37:10]} 36. f4 {[%clk 0:21:41]}
Kc8 {[%clk 0:37:12]} 37. g5 {[%clk 0:21:34]} hxg5 {[%clk 0:37:36]} 38. fxg5
{[%clk 0:21:35]} Kd8 {[%clk 0:38:01]} 39. Nd6 {[%clk 0:17:16]} b6 {[%clk
0:38:18]} 40. h6 {[%clk 0:16:48]} Nf8 {[%clk 0:38:37]} 41. Nf7+ {[%clk 0:16:59]}
Ke7 {[%clk 0:39:01]} 42. Ne5 {[%clk 0:17:19]} c5 {[%clk 0:39:07]} 43. g6 {[%clk
0:17:31]} Nxg6 {[%clk 0:39:19]} 44. Nxg6+ {[%clk 0:17:54]} Kf7 {[%clk 0:39:46]}
45. h7 {[%clk 0:18:00]} Kg7 {[%clk 0:40:08]} 46. h8Q+ {[%clk 0:18:18]} 1-0